<?xml version="1.0" encoding="UTF-8"?>
<record
    xmlns:xsi="http://www.w3.org/2001/XMLSchema-instance"
    xsi:schemaLocation="http://www.loc.gov/MARC21/slim http://www.loc.gov/standards/marcxml/schema/MARC21slim.xsd"
    xmlns="http://www.loc.gov/MARC21/slim">

  <leader>01028nam a22002537a 4500</leader>
  <controlfield tag="005">20170824110054.0</controlfield>
  <datafield tag="010" ind1=" " ind2=" ">
    <subfield code="a">1516EN07    ENG-114697</subfield>
  </datafield>
  <datafield tag="020" ind1=" " ind2=" ">
    <subfield code="a">9788170357162</subfield>
    <subfield code="c">460.00</subfield>
  </datafield>
  <datafield tag="035" ind1=" " ind2=" ">
    <subfield code="a">EN-98229</subfield>
  </datafield>
  <datafield tag="035" ind1=" " ind2=" ">
    <subfield code="a">B-598469-499</subfield>
  </datafield>
  <datafield tag="035" ind1=" " ind2=" ">
    <subfield code="a">B-667751</subfield>
  </datafield>
  <datafield tag="037" ind1=" " ind2=" ">
    <subfield code="a">dpl</subfield>
    <subfield code="b">KKP/Ven</subfield>
  </datafield>
  <datafield tag="037" ind1=" " ind2=" ">
    <subfield code="b">DBAD/PUB</subfield>
  </datafield>
  <datafield tag="082" ind1=" " ind2=" ">
    <subfield code="a">630</subfield>
  </datafield>
  <datafield tag="245" ind1=" " ind2=" ">
    <subfield code="a">Objective agriculture science :</subfield>
    <subfield code="c">edited by U.D.Chavan  [and] J.V.Patil</subfield>
    <subfield code="b">question bank as per new syllabus /</subfield>
  </datafield>
  <datafield tag="250" ind1=" " ind2=" ">
    <subfield code="a">corrected ed</subfield>
  </datafield>
  <datafield tag="260" ind1=" " ind2=" ">
    <subfield code="a">New Delhi</subfield>
    <subfield code="b">Daya Publishing House</subfield>
    <subfield code="c">2015</subfield>
  </datafield>
  <datafield tag="270" ind1=" " ind2=" ">
    <subfield code="a">4760-61/23, Ansari Road, Daryaganj</subfield>
    <subfield code="b">New Delhi</subfield>
    <subfield code="e">110002</subfield>
  </datafield>
  <datafield tag="300" ind1=" " ind2=" ">
    <subfield code="a">xii,734p. :</subfield>
    <subfield code="c">28cm(pbk)</subfield>
    <subfield code="b">ill.</subfield>
  </datafield>
  <datafield tag="700" ind1=" " ind2=" ">
    <subfield code="a">.Patil, J.V.</subfield>
  </datafield>
  <datafield tag="942" ind1=" " ind2=" ">
    <subfield code="2">ddc</subfield>
    <subfield code="c">EN</subfield>
    <subfield code="m">OBJ</subfield>
    <subfield code="h">630</subfield>
  </datafield>
  <datafield tag="999" ind1=" " ind2=" ">
    <subfield code="c">95848</subfield>
    <subfield code="d">95848</subfield>
  </datafield>
  <datafield tag="952" ind1=" " ind2=" ">
    <subfield code="0">0</subfield>
    <subfield code="1">0</subfield>
    <subfield code="4">0</subfield>
    <subfield code="7">1</subfield>
    <subfield code="8">NFIC</subfield>
    <subfield code="a">DBAD</subfield>
    <subfield code="b">DBAD</subfield>
    <subfield code="d">2015-12-31</subfield>
    <subfield code="e">DBAD/PUB</subfield>
    <subfield code="g">460.00</subfield>
    <subfield code="l">0</subfield>
    <subfield code="o">630 OBJ</subfield>
    <subfield code="p">EN-98229</subfield>
    <subfield code="r">2015-12-31 00:00:00</subfield>
    <subfield code="t">1</subfield>
    <subfield code="v">460.00</subfield>
    <subfield code="y">EN</subfield>
  </datafield>
  <datafield tag="952" ind1=" " ind2=" ">
    <subfield code="0">0</subfield>
    <subfield code="1">0</subfield>
    <subfield code="4">0</subfield>
    <subfield code="7">0</subfield>
    <subfield code="8">NFIC</subfield>
    <subfield code="a">NPL</subfield>
    <subfield code="b">NPL</subfield>
    <subfield code="d">2016-05-11</subfield>
    <subfield code="e">BL62/24.9.2015/122/24.9.2015/30.9.2015</subfield>
    <subfield code="g">460.00</subfield>
    <subfield code="l">0</subfield>
    <subfield code="o">630 OBJ</subfield>
    <subfield code="p">B-598475</subfield>
    <subfield code="r">2016-05-11 00:00:00</subfield>
    <subfield code="t">1</subfield>
    <subfield code="v">460.00</subfield>
    <subfield code="y">EN</subfield>
  </datafield>
  <datafield tag="952" ind1=" " ind2=" ">
    <subfield code="0">0</subfield>
    <subfield code="1">0</subfield>
    <subfield code="4">0</subfield>
    <subfield code="7">0</subfield>
    <subfield code="8">NFIC</subfield>
    <subfield code="a">BL1</subfield>
    <subfield code="b">BL1</subfield>
    <subfield code="d">2016-05-11</subfield>
    <subfield code="e">BL62/24.9.2015/122/24.9.2015/30.9.2015</subfield>
    <subfield code="g">460.00</subfield>
    <subfield code="l">4</subfield>
    <subfield code="m">3</subfield>
    <subfield code="o">630 OBJ</subfield>
    <subfield code="p">B-598476</subfield>
    <subfield code="r">2022-02-22 00:00:00</subfield>
    <subfield code="s">2022-01-27</subfield>
    <subfield code="t">1</subfield>
    <subfield code="v">460.00</subfield>
    <subfield code="y">EN</subfield>
  </datafield>
  <datafield tag="952" ind1=" " ind2=" ">
    <subfield code="0">0</subfield>
    <subfield code="1">0</subfield>
    <subfield code="4">0</subfield>
    <subfield code="7">0</subfield>
    <subfield code="8">NFIC</subfield>
    <subfield code="a">KGM</subfield>
    <subfield code="b">KGM</subfield>
    <subfield code="d">2016-05-11</subfield>
    <subfield code="e">BL62/24.9.2015/122/24.9.2015/30.9.2015</subfield>
    <subfield code="g">460.00</subfield>
    <subfield code="l">0</subfield>
    <subfield code="o">630 OBJ</subfield>
    <subfield code="p">B-598477</subfield>
    <subfield code="r">2016-05-11 00:00:00</subfield>
    <subfield code="t">1</subfield>
    <subfield code="v">460.00</subfield>
    <subfield code="y">EN</subfield>
  </datafield>
  <datafield tag="952" ind1=" " ind2=" ">
    <subfield code="0">0</subfield>
    <subfield code="1">0</subfield>
    <subfield code="4">0</subfield>
    <subfield code="7">0</subfield>
    <subfield code="8">NFIC</subfield>
    <subfield code="a">PR</subfield>
    <subfield code="b">PR</subfield>
    <subfield code="d">2016-05-11</subfield>
    <subfield code="e">BL62/24.9.2015/122/24.9.2015/30.9.2015</subfield>
    <subfield code="g">460.00</subfield>
    <subfield code="l">0</subfield>
    <subfield code="o">630 OBJ</subfield>
    <subfield code="p">B-598478</subfield>
    <subfield code="r">2016-05-11 00:00:00</subfield>
    <subfield code="t">1</subfield>
    <subfield code="v">460.00</subfield>
    <subfield code="y">EN</subfield>
  </datafield>
  <datafield tag="952" ind1=" " ind2=" ">
    <subfield code="0">0</subfield>
    <subfield code="1">0</subfield>
    <subfield code="4">0</subfield>
    <subfield code="7">0</subfield>
    <subfield code="8">NFIC</subfield>
    <subfield code="a">TN</subfield>
    <subfield code="b">TN</subfield>
    <subfield code="d">2016-05-11</subfield>
    <subfield code="e">BL62/24.9.2015/122/24.9.2015/30.9.2015</subfield>
    <subfield code="g">460.00</subfield>
    <subfield code="l">1</subfield>
    <subfield code="o">630 OBJ</subfield>
    <subfield code="p">B-598479</subfield>
    <subfield code="r">2022-08-03 00:00:00</subfield>
    <subfield code="s">2022-07-29</subfield>
    <subfield code="t">1</subfield>
    <subfield code="v">460.00</subfield>
    <subfield code="y">EN</subfield>
  </datafield>
  <datafield tag="952" ind1=" " ind2=" ">
    <subfield code="0">0</subfield>
    <subfield code="1">0</subfield>
    <subfield code="4">0</subfield>
    <subfield code="7">0</subfield>
    <subfield code="8">NFIC</subfield>
    <subfield code="a">CJ</subfield>
    <subfield code="b">CJ</subfield>
    <subfield code="d">2016-05-11</subfield>
    <subfield code="e">BL62/24.9.2015/122/24.9.2015/30.9.2015</subfield>
    <subfield code="g">460.00</subfield>
    <subfield code="l">0</subfield>
    <subfield code="o">630 OBJ</subfield>
    <subfield code="p">B-598480</subfield>
    <subfield code="r">2016-05-11 00:00:00</subfield>
    <subfield code="t">1</subfield>
    <subfield code="v">460.00</subfield>
    <subfield code="y">EN</subfield>
  </datafield>
  <datafield tag="952" ind1=" " ind2=" ">
    <subfield code="0">0</subfield>
    <subfield code="1">0</subfield>
    <subfield code="4">0</subfield>
    <subfield code="7">0</subfield>
    <subfield code="8">NFIC</subfield>
    <subfield code="a">DIZ</subfield>
    <subfield code="b">DIZ</subfield>
    <subfield code="d">2016-05-11</subfield>
    <subfield code="e">BL62/24.9.2015/122/24.9.2015/30.9.2015</subfield>
    <subfield code="g">460.00</subfield>
    <subfield code="l">0</subfield>
    <subfield code="o">630 OBJ</subfield>
    <subfield code="p">B-598481</subfield>
    <subfield code="r">2016-05-11 00:00:00</subfield>
    <subfield code="t">1</subfield>
    <subfield code="v">460.00</subfield>
    <subfield code="y">EN</subfield>
  </datafield>
  <datafield tag="952" ind1=" " ind2=" ">
    <subfield code="0">0</subfield>
    <subfield code="1">0</subfield>
    <subfield code="4">0</subfield>
    <subfield code="7">0</subfield>
    <subfield code="8">NFIC</subfield>
    <subfield code="a">JP</subfield>
    <subfield code="b">JP</subfield>
    <subfield code="d">2016-05-11</subfield>
    <subfield code="e">BL62/24.9.2015/122/24.9.2015/30.9.2015</subfield>
    <subfield code="g">460.00</subfield>
    <subfield code="l">1</subfield>
    <subfield code="m">1</subfield>
    <subfield code="o">630 OBJ</subfield>
    <subfield code="p">B-598482</subfield>
    <subfield code="r">2018-05-26 00:00:00</subfield>
    <subfield code="s">2018-04-28</subfield>
    <subfield code="t">1</subfield>
    <subfield code="v">460.00</subfield>
    <subfield code="y">EN</subfield>
  </datafield>
  <datafield tag="952" ind1=" " ind2=" ">
    <subfield code="0">0</subfield>
    <subfield code="1">0</subfield>
    <subfield code="4">0</subfield>
    <subfield code="7">0</subfield>
    <subfield code="8">NFIC</subfield>
    <subfield code="a">ZLS</subfield>
    <subfield code="b">ZLS</subfield>
    <subfield code="d">2016-05-11</subfield>
    <subfield code="e">BL62/24.9.2015/122/24.9.2015/30.9.2015</subfield>
    <subfield code="g">460.00</subfield>
    <subfield code="l">0</subfield>
    <subfield code="o">630 OBJ</subfield>
    <subfield code="p">B-598483</subfield>
    <subfield code="r">2016-05-11 00:00:00</subfield>
    <subfield code="t">1</subfield>
    <subfield code="v">460.00</subfield>
    <subfield code="y">EN</subfield>
  </datafield>
  <datafield tag="952" ind1=" " ind2=" ">
    <subfield code="0">0</subfield>
    <subfield code="1">0</subfield>
    <subfield code="4">0</subfield>
    <subfield code="7">0</subfield>
    <subfield code="8">NFIC</subfield>
    <subfield code="a">RKP</subfield>
    <subfield code="b">RKP</subfield>
    <subfield code="d">2016-05-11</subfield>
    <subfield code="e">BL62/24.9.2015/122/24.9.2015/30.9.2015</subfield>
    <subfield code="g">460.00</subfield>
    <subfield code="l">0</subfield>
    <subfield code="o">630 OBJ</subfield>
    <subfield code="p">B-598484</subfield>
    <subfield code="r">2016-05-11 00:00:00</subfield>
    <subfield code="t">1</subfield>
    <subfield code="v">460.00</subfield>
    <subfield code="y">EN</subfield>
  </datafield>
  <datafield tag="952" ind1=" " ind2=" ">
    <subfield code="0">0</subfield>
    <subfield code="1">0</subfield>
    <subfield code="4">0</subfield>
    <subfield code="7">0</subfield>
    <subfield code="8">NFIC</subfield>
    <subfield code="a">AG</subfield>
    <subfield code="b">AG</subfield>
    <subfield code="d">2016-05-11</subfield>
    <subfield code="e">BL62/24.9.2015/122/24.9.2015/30.9.2015</subfield>
    <subfield code="g">460.00</subfield>
    <subfield code="l">3</subfield>
    <subfield code="o">630 OBJ</subfield>
    <subfield code="p">B-598485</subfield>
    <subfield code="r">2019-04-23 00:00:00</subfield>
    <subfield code="s">2019-04-23</subfield>
    <subfield code="t">1</subfield>
    <subfield code="v">460.00</subfield>
    <subfield code="y">EN</subfield>
  </datafield>
  <datafield tag="952" ind1=" " ind2=" ">
    <subfield code="0">0</subfield>
    <subfield code="1">0</subfield>
    <subfield code="4">0</subfield>
    <subfield code="7">0</subfield>
    <subfield code="8">NFIC</subfield>
    <subfield code="a">SP</subfield>
    <subfield code="b">SP</subfield>
    <subfield code="d">2016-05-11</subfield>
    <subfield code="e">BL62/24.9.2015/122/24.9.2015/30.9.2015</subfield>
    <subfield code="g">460.00</subfield>
    <subfield code="l">0</subfield>
    <subfield code="o">630 OBJ</subfield>
    <subfield code="p">B-598486</subfield>
    <subfield code="r">2016-05-11 00:00:00</subfield>
    <subfield code="t">1</subfield>
    <subfield code="v">460.00</subfield>
    <subfield code="y">EN</subfield>
  </datafield>
  <datafield tag="952" ind1=" " ind2=" ">
    <subfield code="0">0</subfield>
    <subfield code="1">0</subfield>
    <subfield code="4">0</subfield>
    <subfield code="7">0</subfield>
    <subfield code="8">NFIC</subfield>
    <subfield code="a">QRP</subfield>
    <subfield code="b">QRP</subfield>
    <subfield code="d">2016-05-11</subfield>
    <subfield code="e">BL62/24.9.2015/122/24.9.2015/30.9.2015</subfield>
    <subfield code="g">460.00</subfield>
    <subfield code="l">0</subfield>
    <subfield code="o">630 OBJ</subfield>
    <subfield code="p">B-598487</subfield>
    <subfield code="r">2016-05-11 00:00:00</subfield>
    <subfield code="t">1</subfield>
    <subfield code="v">460.00</subfield>
    <subfield code="y">EN</subfield>
  </datafield>
  <datafield tag="952" ind1=" " ind2=" ">
    <subfield code="0">0</subfield>
    <subfield code="1">0</subfield>
    <subfield code="4">0</subfield>
    <subfield code="7">0</subfield>
    <subfield code="8">NFIC</subfield>
    <subfield code="a">VP</subfield>
    <subfield code="b">VP</subfield>
    <subfield code="d">2016-05-11</subfield>
    <subfield code="e">BL62/24.9.2015/122/24.9.2015/30.9.2015</subfield>
    <subfield code="g">460.00</subfield>
    <subfield code="l">0</subfield>
    <subfield code="o">630 OBJ</subfield>
    <subfield code="p">B-598488</subfield>
    <subfield code="r">2016-05-11 00:00:00</subfield>
    <subfield code="t">1</subfield>
    <subfield code="v">460.00</subfield>
    <subfield code="y">EN</subfield>
  </datafield>
  <datafield tag="952" ind1=" " ind2=" ">
    <subfield code="0">0</subfield>
    <subfield code="1">0</subfield>
    <subfield code="4">0</subfield>
    <subfield code="7">0</subfield>
    <subfield code="8">NFIC</subfield>
    <subfield code="a">BL3</subfield>
    <subfield code="b">BL3</subfield>
    <subfield code="d">2016-05-11</subfield>
    <subfield code="e">BL62/24.9.2015/122/24.9.2015/30.9.2015</subfield>
    <subfield code="g">460.00</subfield>
    <subfield code="l">0</subfield>
    <subfield code="o">630 OBJ</subfield>
    <subfield code="p">B-598489</subfield>
    <subfield code="r">2016-05-11 00:00:00</subfield>
    <subfield code="t">1</subfield>
    <subfield code="v">460.00</subfield>
    <subfield code="y">EN</subfield>
  </datafield>
  <datafield tag="952" ind1=" " ind2=" ">
    <subfield code="0">0</subfield>
    <subfield code="1">0</subfield>
    <subfield code="4">0</subfield>
    <subfield code="7">0</subfield>
    <subfield code="8">NFIC</subfield>
    <subfield code="a">NRR</subfield>
    <subfield code="b">NRR</subfield>
    <subfield code="d">2016-05-11</subfield>
    <subfield code="e">BL62/24.9.2015/122/24.9.2015/30.9.2015</subfield>
    <subfield code="g">460.00</subfield>
    <subfield code="l">0</subfield>
    <subfield code="o">630 OBJ</subfield>
    <subfield code="p">B-598490</subfield>
    <subfield code="r">2016-05-11 00:00:00</subfield>
    <subfield code="t">1</subfield>
    <subfield code="v">460.00</subfield>
    <subfield code="y">EN</subfield>
  </datafield>
  <datafield tag="952" ind1=" " ind2=" ">
    <subfield code="0">0</subfield>
    <subfield code="1">0</subfield>
    <subfield code="4">0</subfield>
    <subfield code="7">0</subfield>
    <subfield code="8">NFIC</subfield>
    <subfield code="a">BKK</subfield>
    <subfield code="b">BKK</subfield>
    <subfield code="d">2016-05-11</subfield>
    <subfield code="e">BL62/24.9.2015/122/24.9.2015/30.9.2015</subfield>
    <subfield code="g">460.00</subfield>
    <subfield code="l">0</subfield>
    <subfield code="o">630 OBJ</subfield>
    <subfield code="p">B-598491</subfield>
    <subfield code="r">2016-05-11 00:00:00</subfield>
    <subfield code="t">1</subfield>
    <subfield code="v">460.00</subfield>
    <subfield code="y">EN</subfield>
  </datafield>
  <datafield tag="952" ind1=" " ind2=" ">
    <subfield code="0">0</subfield>
    <subfield code="1">0</subfield>
    <subfield code="4">0</subfield>
    <subfield code="7">0</subfield>
    <subfield code="8">NFIC</subfield>
    <subfield code="a">NR</subfield>
    <subfield code="b">NR</subfield>
    <subfield code="d">2016-05-11</subfield>
    <subfield code="e">BL62/24.9.2015/122/24.9.2015/30.9.2015</subfield>
    <subfield code="g">460.00</subfield>
    <subfield code="l">0</subfield>
    <subfield code="o">630 OBJ</subfield>
    <subfield code="p">B-598492</subfield>
    <subfield code="r">2016-05-11 00:00:00</subfield>
    <subfield code="t">1</subfield>
    <subfield code="v">460.00</subfield>
    <subfield code="y">EN</subfield>
  </datafield>
  <datafield tag="952" ind1=" " ind2=" ">
    <subfield code="0">0</subfield>
    <subfield code="1">0</subfield>
    <subfield code="4">0</subfield>
    <subfield code="7">0</subfield>
    <subfield code="8">NFIC</subfield>
    <subfield code="a">BN</subfield>
    <subfield code="b">BN</subfield>
    <subfield code="d">2016-05-11</subfield>
    <subfield code="e">BL62/24.9.2015/122/24.9.2015/30.9.2015</subfield>
    <subfield code="g">460.00</subfield>
    <subfield code="l">0</subfield>
    <subfield code="o">630 OBJ</subfield>
    <subfield code="p">B-598493</subfield>
    <subfield code="r">2016-05-11 00:00:00</subfield>
    <subfield code="t">1</subfield>
    <subfield code="v">460.00</subfield>
    <subfield code="y">EN</subfield>
  </datafield>
  <datafield tag="952" ind1=" " ind2=" ">
    <subfield code="0">0</subfield>
    <subfield code="1">0</subfield>
    <subfield code="4">0</subfield>
    <subfield code="7">0</subfield>
    <subfield code="8">NFIC</subfield>
    <subfield code="a">KV</subfield>
    <subfield code="b">KV</subfield>
    <subfield code="d">2016-05-11</subfield>
    <subfield code="e">BL62/24.9.2015/122/24.9.2015/30.9.2015</subfield>
    <subfield code="g">460.00</subfield>
    <subfield code="l">0</subfield>
    <subfield code="o">630 OBJ</subfield>
    <subfield code="p">B-598494</subfield>
    <subfield code="r">2016-05-11 00:00:00</subfield>
    <subfield code="t">1</subfield>
    <subfield code="v">460.00</subfield>
    <subfield code="y">EN</subfield>
  </datafield>
  <datafield tag="952" ind1=" " ind2=" ">
    <subfield code="0">0</subfield>
    <subfield code="1">0</subfield>
    <subfield code="4">0</subfield>
    <subfield code="7">0</subfield>
    <subfield code="8">NFIC</subfield>
    <subfield code="a">MV</subfield>
    <subfield code="b">MV</subfield>
    <subfield code="d">2016-05-11</subfield>
    <subfield code="e">BL62/24.9.2015/122/24.9.2015/30.9.2015</subfield>
    <subfield code="g">460.00</subfield>
    <subfield code="l">0</subfield>
    <subfield code="o">630 OBJ</subfield>
    <subfield code="p">B-598495</subfield>
    <subfield code="r">2016-05-11 00:00:00</subfield>
    <subfield code="t">1</subfield>
    <subfield code="v">460.00</subfield>
    <subfield code="y">EN</subfield>
  </datafield>
  <datafield tag="952" ind1=" " ind2=" ">
    <subfield code="0">0</subfield>
    <subfield code="1">0</subfield>
    <subfield code="4">0</subfield>
    <subfield code="7">0</subfield>
    <subfield code="8">NFIC</subfield>
    <subfield code="a">MP</subfield>
    <subfield code="b">MP</subfield>
    <subfield code="d">2016-05-11</subfield>
    <subfield code="e">BL62/24.9.2015/122/24.9.2015/30.9.2015</subfield>
    <subfield code="g">460.00</subfield>
    <subfield code="l">0</subfield>
    <subfield code="o">630 OBJ</subfield>
    <subfield code="p">B-598496</subfield>
    <subfield code="r">2016-05-11 00:00:00</subfield>
    <subfield code="t">1</subfield>
    <subfield code="v">460.00</subfield>
    <subfield code="y">EN</subfield>
  </datafield>
  <datafield tag="952" ind1=" " ind2=" ">
    <subfield code="0">0</subfield>
    <subfield code="1">0</subfield>
    <subfield code="4">0</subfield>
    <subfield code="7">0</subfield>
    <subfield code="8">NFIC</subfield>
    <subfield code="a">BL4</subfield>
    <subfield code="b">BL4</subfield>
    <subfield code="d">2016-05-11</subfield>
    <subfield code="e">BL62/24.9.2015/122/24.9.2015/30.9.2015</subfield>
    <subfield code="g">460.00</subfield>
    <subfield code="l">2</subfield>
    <subfield code="m">2</subfield>
    <subfield code="o">630 OBJ</subfield>
    <subfield code="p">B-598497</subfield>
    <subfield code="r">2023-08-22 00:00:00</subfield>
    <subfield code="s">2023-07-11</subfield>
    <subfield code="t">1</subfield>
    <subfield code="v">460.00</subfield>
    <subfield code="y">EN</subfield>
  </datafield>
  <datafield tag="952" ind1=" " ind2=" ">
    <subfield code="0">0</subfield>
    <subfield code="1">0</subfield>
    <subfield code="4">0</subfield>
    <subfield code="7">0</subfield>
    <subfield code="8">NFIC</subfield>
    <subfield code="a">YV</subfield>
    <subfield code="b">YV</subfield>
    <subfield code="d">2016-05-11</subfield>
    <subfield code="e">BL62/24.9.2015/122/24.9.2015/30.9.2015</subfield>
    <subfield code="g">460.00</subfield>
    <subfield code="l">0</subfield>
    <subfield code="o">630 OBJ</subfield>
    <subfield code="p">B-598498</subfield>
    <subfield code="r">2016-05-11 00:00:00</subfield>
    <subfield code="t">1</subfield>
    <subfield code="v">460.00</subfield>
    <subfield code="y">EN</subfield>
  </datafield>
  <datafield tag="952" ind1=" " ind2=" ">
    <subfield code="0">0</subfield>
    <subfield code="1">0</subfield>
    <subfield code="4">0</subfield>
    <subfield code="7">0</subfield>
    <subfield code="8">NFIC</subfield>
    <subfield code="a">RC</subfield>
    <subfield code="b">RC</subfield>
    <subfield code="d">2016-05-11</subfield>
    <subfield code="e">BL62/24.9.2015/122/24.9.2015/30.9.2015</subfield>
    <subfield code="g">460.00</subfield>
    <subfield code="l">0</subfield>
    <subfield code="o">630 OBJ</subfield>
    <subfield code="p">B-598499</subfield>
    <subfield code="r">2016-05-11 00:00:00</subfield>
    <subfield code="t">1</subfield>
    <subfield code="v">460.00</subfield>
    <subfield code="w">2016-05-11</subfield>
    <subfield code="y">EN</subfield>
  </datafield>
  <datafield tag="952" ind1=" " ind2=" ">
    <subfield code="0">0</subfield>
    <subfield code="1">0</subfield>
    <subfield code="4">0</subfield>
    <subfield code="7">0</subfield>
    <subfield code="8">NFIC</subfield>
    <subfield code="a">L</subfield>
    <subfield code="b">L</subfield>
    <subfield code="d">2016-05-11</subfield>
    <subfield code="e">BL62/24.9.2015/122/24.9.2015/30.9.2015</subfield>
    <subfield code="g">460.00</subfield>
    <subfield code="l">4</subfield>
    <subfield code="m">3</subfield>
    <subfield code="o">630 OBJ</subfield>
    <subfield code="p">B-598469</subfield>
    <subfield code="r">2021-07-22 00:00:00</subfield>
    <subfield code="s">2021-06-28</subfield>
    <subfield code="t">1</subfield>
    <subfield code="v">460.00</subfield>
    <subfield code="y">EN</subfield>
  </datafield>
  <datafield tag="952" ind1=" " ind2=" ">
    <subfield code="0">0</subfield>
    <subfield code="1">0</subfield>
    <subfield code="4">0</subfield>
    <subfield code="7">1</subfield>
    <subfield code="8">REF</subfield>
    <subfield code="a">L</subfield>
    <subfield code="b">L</subfield>
    <subfield code="d">2016-05-11</subfield>
    <subfield code="e">BL62/24.9.2015/122/24.9.2015/30.9.2015</subfield>
    <subfield code="g">460.00</subfield>
    <subfield code="l">0</subfield>
    <subfield code="o">630 OBJ</subfield>
    <subfield code="p">B-598470</subfield>
    <subfield code="r">2016-05-11 00:00:00</subfield>
    <subfield code="t">1</subfield>
    <subfield code="v">460.00</subfield>
    <subfield code="y">EN</subfield>
  </datafield>
  <datafield tag="952" ind1=" " ind2=" ">
    <subfield code="0">0</subfield>
    <subfield code="1">0</subfield>
    <subfield code="4">0</subfield>
    <subfield code="7">0</subfield>
    <subfield code="8">NFIC</subfield>
    <subfield code="a">BL4</subfield>
    <subfield code="b">BL4</subfield>
    <subfield code="d">2016-05-11</subfield>
    <subfield code="e">BL62/24.9.2015/122/24.9.2015/30.9.2015</subfield>
    <subfield code="g">460.00</subfield>
    <subfield code="l">19</subfield>
    <subfield code="m">9</subfield>
    <subfield code="o">630 OBJ</subfield>
    <subfield code="p">B-598471</subfield>
    <subfield code="r">2022-09-28 00:00:00</subfield>
    <subfield code="s">2022-09-15</subfield>
    <subfield code="t">4</subfield>
    <subfield code="v">460.00</subfield>
    <subfield code="y">EN</subfield>
  </datafield>
  <datafield tag="952" ind1=" " ind2=" ">
    <subfield code="0">0</subfield>
    <subfield code="1">0</subfield>
    <subfield code="4">0</subfield>
    <subfield code="7">0</subfield>
    <subfield code="8">NFIC</subfield>
    <subfield code="a">YV</subfield>
    <subfield code="b">YV</subfield>
    <subfield code="d">2016-05-11</subfield>
    <subfield code="e">BL62/24.9.2015/122/24.9.2015/30.9.2015</subfield>
    <subfield code="g">460.00</subfield>
    <subfield code="l">1</subfield>
    <subfield code="o">630 OBJ</subfield>
    <subfield code="p">B-598472</subfield>
    <subfield code="r">2023-08-07 00:00:00</subfield>
    <subfield code="s">2023-07-31</subfield>
    <subfield code="t">4</subfield>
    <subfield code="v">460.00</subfield>
    <subfield code="y">EN</subfield>
  </datafield>
  <datafield tag="952" ind1=" " ind2=" ">
    <subfield code="0">0</subfield>
    <subfield code="1">0</subfield>
    <subfield code="4">0</subfield>
    <subfield code="7">0</subfield>
    <subfield code="8">NFIC</subfield>
    <subfield code="a">M</subfield>
    <subfield code="b">M</subfield>
    <subfield code="d">2016-05-11</subfield>
    <subfield code="e">BL62/24.9.2015/122/24.9.2015/30.9.2015</subfield>
    <subfield code="g">460.00</subfield>
    <subfield code="l">0</subfield>
    <subfield code="o">630 OBJ</subfield>
    <subfield code="p">B-598473</subfield>
    <subfield code="r">2016-05-11 00:00:00</subfield>
    <subfield code="t">4</subfield>
    <subfield code="v">460.00</subfield>
    <subfield code="y">EN</subfield>
  </datafield>
  <datafield tag="952" ind1=" " ind2=" ">
    <subfield code="0">0</subfield>
    <subfield code="1">0</subfield>
    <subfield code="4">0</subfield>
    <subfield code="7">0</subfield>
    <subfield code="8">NFIC</subfield>
    <subfield code="a">M</subfield>
    <subfield code="b">M</subfield>
    <subfield code="d">2016-05-11</subfield>
    <subfield code="e">BL62/24.9.2015/122/24.9.2015/30.9.2015</subfield>
    <subfield code="g">460.00</subfield>
    <subfield code="l">0</subfield>
    <subfield code="o">630 OBJ</subfield>
    <subfield code="p">B-598474</subfield>
    <subfield code="r">2016-05-11 00:00:00</subfield>
    <subfield code="t">4</subfield>
    <subfield code="v">460.00</subfield>
    <subfield code="y">EN</subfield>
  </datafield>
  <datafield tag="952" ind1=" " ind2=" ">
    <subfield code="0">0</subfield>
    <subfield code="1">0</subfield>
    <subfield code="4">0</subfield>
    <subfield code="7">0</subfield>
    <subfield code="8">NFIC</subfield>
    <subfield code="a">AV</subfield>
    <subfield code="b">AV</subfield>
    <subfield code="d">2017-08-24</subfield>
    <subfield code="e">KKP/279/24.2.2017/394/15.2.2017/17.3.2017</subfield>
    <subfield code="g">460.00</subfield>
    <subfield code="l">1</subfield>
    <subfield code="o">630 OBJ</subfield>
    <subfield code="p">B-667751</subfield>
    <subfield code="r">2019-08-31 00:00:00</subfield>
    <subfield code="s">2019-08-16</subfield>
    <subfield code="t">1</subfield>
    <subfield code="v">460.00</subfield>
    <subfield code="w">2017-08-24</subfield>
    <subfield code="y">EN</subfield>
  </datafield>
</record>
